| 000 | 00881nam a2200217Ia 4500 | ||
|---|---|---|---|
| 003 | PE SENCICO BE | ||
| 005 | 20251020182438.0 | ||
| 008 | 200515s9999 xx 000 0 und d | ||
| 040 |
_aPE SENCICO BE _cPE SENCICO BE |
||
| 041 | _aspa | ||
| 082 |
_a519.5 _bA92 |
||
| 100 | 1 |
_aÁvila Acosta, R. B. _93221 _eautor |
|
| 245 | 1 | 0 |
_aEstadística elemental con 300 problemas resueltos / _cRoberto B. Avila Acosta |
| 250 | _a[1a ed.] | ||
| 260 |
_aLima : _bEstudios y Ediciones ; _c2003 |
||
| 300 |
_a374 páginas : _btablas, gráficos ; _c24 cm. |
||
| 505 | 0 | _aRecolección de datos -- Presentación de datos -- Reducción de los datos -- Números índices -- Distribuciones bidimensionales de frecuencia - Regresión y correlación -- Series cronológicas -- Introducción a la probabilidad | |
| 650 | 1 | 0 |
_aEstadística _91473 |
| 650 | 2 | 0 |
_aProbabilidades _9264 |
| 942 |
_cLIB _2ddc |
||
| 999 |
_c469 _d469 |
||